000
00331pam a2200157a 44500
008
230515b1999 xxu||||| |||| 00| 0 eng d
020
_a
NULL
041
_a
HINDI
082
_a
1
100
_a
GARDHE
245
_a
SARTH VAGBHAT-2
250
_a
1
260
_a
SANGAI
_b
N.D.
_c
1999
300
_a
100
650
_a
SARTH VAGBHAT-2
999
_c
497015
_d
497015